Visualizzazione normale
Vista MARC
- VII Capitolo Generale
di Personal Name
Records bibliografici associati: 1
001 - CONTROL NUMBER
- control field: 498
003 - CONTROL NUMBER IDENTIFIER
- control field: IT-RoPau
005 - DATE AND TIME OF LATEST TRANSACTION
- control field: 20130325100715.0
008 - FIXED-LENGTH DATA ELEMENTS
- fixed length control field: 130325|| aca||aabn | a|a d
040 ## - CATALOGING SOURCE
- Original cataloging agency: IT-RoPau
- Transcribing agency: IT-RoPau
100 ## - HEADING--PERSONAL NAME
- Personal name: VII Capitolo Generale
670 ## - SOURCE DATA FOUND
- Source citation: Work cat.: (IT-RoPau): VII Capitolo Generale, "Vuestra parroquia es el mundo", Reflexiones capitulares, 1998